Славянский бестиарий: Словарь названий и символики

書誌詳細
第一著者: Белова Ольга Владиславовна
言語:ロシア語
出版事項: Москва, Индрик, 2001
主題:
フォーマット: 図書
KOHA link:https://koha.lib.tpu.ru/cgi-bin/koha/opac-detail.pl?biblionumber=29311

MARC

LEADER 00000nam0a2200000 4500
001 29311
005 20231030203310.0
010 |a 5857591007 
035 |a (RuTPU)RU\TPU\book\29571 
035 |a BOOK00000030 
090 |a 29311 
100 |a 20011209d2001 k y0rusy50 ca 
101 0 |a rus 
102 |a RU 
105 |a a e 000|y 
200 1 |a Славянский бестиарий  |e Словарь названий и символики  |f О. В. Белова 
210 |a Москва  |c Индрик  |d 2001 
215 |a 319 с.  |c ил. 
320 |a Библиогр.: с. 291-301. 
610 1 |a религия 
610 1 |a язычество 
610 1 |a славяне 
610 1 |a бестиарии 
610 1 |a словари 
686 |a Э31  |v LBC/SL-A  |2 rubbk 
700 1 |a Белова  |g Ольга Владиславовна 
801 0 |a RU  |b 63413507  |c 20011209  |g PSBO 
801 2 |a RU  |b 63413507  |c 20131111  |g RCR 
942 |c BK